US States with the Largest Capitals - Statistics

General Stats
  • This quiz has been taken 43 times
  • The average score is 18 of 25
Answer Stats
State % Correct
California
97%
Arizona
89%
Georgia
89%
Texas
89%
Florida
87%
Ohio
87%
Massachusetts
82%
Minnesota
82%
North Carolina
79%
Oklahoma
79%
Colorado
76%
Hawaii
76%
Indiana
76%
Louisiana
74%
Tennessee
71%
Virginia
68%
Alabama
63%
Utah
63%
Wisconsin
61%
Arkansas
55%
Mississippi
55%
Rhode Island
55%
Idaho
53%
Iowa
53%
Nebraska
47%
No matching quizzes found
Score Distribution
Percent of People with Each Score
Percentile by Number Answered
Your Score History
You have not taken this quiz